Understanding the pupil: (Record no. 12501)

000 -LEADER
fixed length control field 00678nam a2200193 a 4500
001 - CONTROL NUMBER
control field :::00010303$&:&@@
003 - CONTROL NUMBER IDENTIFIER
control field OkBaRHE
005 - DATE AND TIME OF LATEST TRANSACTION
control field 20000607103358.0
008 - FIXED-LENGTH DATA ELEMENTS--GENERAL INFORMATION
fixed length control field s1960 j 000 0 eng u
040 ## - CATALOGING SOURCE
Transcribing agency
100 1# - MAIN ENTRY--PERSONAL NAME
Personal name Soderholm, Marjorie Elaine.
245 10 - TITLE STATEMENT
Title Understanding the pupil:
Remainder of title part III-the adolescent.
260 ## - PUBLICATION, DISTRIBUTION, ETC. (IMPRINT)
Place of publication, distribution, etc Grand Rapids, MI., :
Name of publisher, distributor, etc Baker Book House
Date of publication, distribution, etc c1960
300 ## - PHYSICAL DESCRIPTION
Extent 92 p. ;
Dimensions 23 cm.
650 ## - SUBJECT ADDED ENTRY--TOPICAL TERM
Topical term or geographic name as entry element Church Work with Youth
942 ## - ADDED ENTRY ELEMENTS (KOHA)
Source of classification or shelving scheme
Koha item type Books
Copies
Date last seen Koha item type Withdrawn status Barcode Copy number Not for loan Source of classification or shelving scheme Full call number Shelving location Lost status Price effective from Permanent Location Damaged status Date acquired
2010-04-14Books 103031  BV 4447 .S6General Stacks 2010-04-14RHEMA Bible Training College 2010-04-14
2010-04-14Books 152502  BV 4447 .S6General Stacks 2010-04-14RHEMA Bible Training College 2010-04-14